Statistics for Flag Of S

Click here to take the quiz!

General Stats

  • This quiz has been taken 11 times
  • The average score is 20 of 27

Answer Stats

Answer% Correct
Saudi Arabia
100%
Slovakia
100%
Spain
100%
Sweden
100%
Senegal
90%
Serbia
90%
Slovenia
90%
South Africa
90%
Saint Kitts and Nevis
80%
Saint Vincent and The Grenadines
80%
San Marino
80%
Seychelles
80%
Somalia
80%
Sri Lanka
80%
Sudan
80%
Switzerland
80%
Saint Lucia
70%
Samoa
70%
Sao Tome and Principe
70%
Singapore
70%
South Sudan
70%
Suriname
70%
Syria
60%
Sierra Leone
40%
Solomon Islands
40%
Sint Maarten
0%
Svalbard
0%

Score Distribution

Percentile by Number Answered

Percent of People with Each Score

Your Score History

You have not taken this quiz